=LDR 00000nam 2200000 4500 =001 INLIS000000000021322 =005 20240906034650 =035 ##$$a 0010-061300000021322 =008 240906################b##########0#ind## =041 ##$$a Ind =082 ##$$a 028.5 =090 ##$$a 028.5, Fin k =100 ##$$a Findo, M.S =245 1#$$a Kakiku rodaku, /$c M.S Findo =260 ##$$a Jakarta :$b Midas Surya Grafindo,$c 1987 =300 ##$$a 16 hlm : $b ilus ; $c 28 cm =650 #4$$a Bacaan anak-anak =850 ##$$a NBPNMAT =084 ##$$a 028.5 FIN k =250 ##$$a cet.1 =990 ##$$a 123.934/Pro.92 =990 ##$$a 19381938